00380 2200157 4500001002100000005001500021035002000036245003700056100001900093300002600112260002800138082000800166084001400174020002200188990001200210INLIS00000000000294620250917111448 a0010-09250002931 aKekasih Impian /cNana Sastrawan0 aNana Sastrawan a328 hlm ;c13 x 19 cm aJakarta :bZettu,c2014 a813 a813 NAN k a978-602-1298-10-7 a0755687